000 00671nam a2200229Ia 4500
003 OSt
005 20221006164226.0
006 a|||||r|||| 00| 0
007 ta
008 221006b |||||||| |||| 00| 0 eng d
024 _a778
037 _cTextual
040 _aFML
_cFML
_beng
041 _2eng
_aeng
082 _aO157,1M61:f(N44), 111L8
100 _aGhose Santidev Au.
_9676884
245 0 _aMusic And Dance In Rabindranath Tagore's Education Philosophy
260 _aNew Delhi
_bSangeet Natak Acadmy
_c1978
300 _a60
_ccm.
942 _hO157,1M61:f(N44), 111L8
_cTEXL
_2CC
999 _c1116568
_d1116568